[Event "TCh-FRA Top 12 2021"]
[Site "Chalons en Champagne FRA"]
[Date "2021.06.28"]
[Round "5.5"]
[Board "8"]
[White "Afraoui, Solenn"]
[Black "Martsynovskaya, Marina"]
[Result "0-1"]
[BlackTitle "WIM"]
[WhiteElo "1889"]
[BlackElo "2046"]
[WhiteTeam "US Villejuif Echecs"]
[BlackTeam "C'Chartres Echecs"]
[WhiteFideId "625167"]
[BlackFideId "609218"]
[EventDate "2021.06.24"]

1. e4 e5 2. Nf3 Nc6 3. Bb5 a6 4. Ba4 d6 5. c3 Bd7 6. d4 g6 7. O-O Bg7 8. d5 Nce7
9. Bxd7+ Qxd7 10. Be3 Nf6 11. Qd3 O-O 12. c4 h6 13. Nfd2 Nh5 14. Nc3 f5 15. f3
f4 16. Bf2 g5 17. c5 g4 18. fxg4 Qxg4 19. Qf3 Qg6 20. Nc4 Rf7 21. cxd6 cxd6 22.
Nxd6 Qxd6 23. Qxh5 Ng6 24. Qf3 Bf6 25. Na4 Kh7 26. Bc5 Qd7 27. Nb6 Qb5 28. Qc3
Rg8 29. Rf2 Bd8 30. a4 Qe8 31. Nc4 Rc7 32. b4 Nh4 33. Qxe5 Rxg2+ 34. Kf1 Qg6 35.
Raa2 f3 36. Ke1 Rf7 37. Nd6 Bf6 38. Qe8 Rg1+ 39. Kd2 Re7 40. Qxg6+ Kxg6 41. Kd3
Rd1+ 42. Rad2 Re1 43. Nf5 R7xe4 44. Nxh4+ Rxh4 45. Rxf3 Ra1 46. Rdf2 Bg5 47. a5
Rd1+ 48. Kc3 Rxd5 49. Rf7 Bd2+ 50. Kb3 Rh3+ 51. Kc4 Rd8 52. R7f6+ Kg5 53. R6f3
Rxf3 54. Rxf3 Rd7 55. Bf8 h5 56. Rg3+ Kf5 57. Bc5 Bf4 58. Rg2 Ke4 59. Re2+ Kf3
60. Rf2+ Kg4 61. Bd4 h4 62. Bf6 h3 63. Re2 Kf3 64. Ra2 Rd1 65. Kc5 Be3+ 66. Kc4
Ke4 67. Be7 Rc1+ 68. Kb3 Bf4 69. Bh4 Rh1 70. Re2+ Kf3 71. Re7 Rxh2 72. Rxb7 Re2
73. Rh7 h2 74. Bf6 Kg2 75. Rg7+ Bg3 76. Rh7 Re6 77. Bd4 Re4 78. Bb6 Bh4 79. Rg7+
Kf1 80. Rf7+ Kg2 81. Rg7+ Bg3 82. Bc7 Re3+ 83. Kc4 h1=Q 84. Kc5 Qh5+ 0-1

[Event "TCh-FRA Top 12 2021"]
[Site "Chalons en Champagne FRA"]
[Date "2021.06.28"]
[Round "5.6"]
[Board "2"]
[White "Tregubov, Pavel V."]
[Black "Hamitevici, Vladimir"]
[Result "1/2-1/2"]
[WhiteTitle "GM"]
[BlackTitle "GM"]
[WhiteElo "2557"]
[BlackElo "2456"]
[WhiteTeam "Clichy Echecs 92"]
[BlackTeam "Vandoeuvre Echecs"]
[WhiteFideId "4115341"]
[BlackFideId "13902393"]
[EventDate "2021.06.24"]

1. d4 d5 2. c4 dxc4 3. Nf3 Nf6 4. e3 e6 5. Bxc4 c5 6. O-O a6 7. Bb3 b5 8. a4 Bb7
9. axb5 axb5 10. Rxa8 Bxa8 11. Qe2 c4 12. Bc2 Nbd7 13. b3 cxb3 14. Bxb3 Qb6 15.
Na3 Bc6 16. Bb2 Be7 17. Nd2 Qb7 18. f3 O-O 19. e4 Ra8 20. Nc2 Nb6 21. Bc3 Na4
22. Bb4 Rd8 23. Qf2 Nb2 24. Qe3 Be8 25. Rb1 Bxb4 26. Nxb4 Qe7 27. Nc2 Na4 28. e5
Nd5 29. Bxd5 Rxd5 30. Ne4 Rd8 31. Nd6 Nb6 32. Qd3 Nd5 33. Nb4 Nxb4 34. Rxb4 Rc8
35. Rb1 Rb8 36. Qa3 Qc7 37. Rc1 Qb6 38. Qb4 h5 39. h3 Qa7 40. Kh2 Qa4 41. Qc5
Ra8 42. Ne4 Qb3 43. Qe7 Qe3 44. Qg5 Qxg5 45. Nxg5 b4 46. Ne4 Rb8 47. Kg3 b3 48.
Rb1 Bc6 49. Nc3 Rb4 50. Kf2 Rxd4 51. Rxb3 Rd2+ 52. Ne2 g5 53. g3 Kg7 54. Ke3 Rd1
55. h4 Bd5 56. Rb4 Rf1 57. Nd4 Re1+ 58. Ne2 Rf1 59. Nd4 g4 60. fxg4 hxg4 61. Rb2
Kg6 62. Rf2 Re1+ 63. Re2 Ra1 64. Rf2 Ra3+ 65. Kf4 Kh5 66. Rd2 Ra1 67. Ke3 Re1+
68. Ne2 Bf3 69. Kf2 Ra1 70. Nf4+ Kh6 71. Rd7 Ra2+ 72. Ke3 Ra3+ 73. Kf2 Ra2+ 74.
Ke3 Ra3+ 75. Kd4 Ra4+ 76. Kc5 Rxf4 77. gxf4 g3 1/2-1/2

[Event "TCh-FRA Top 12 2021"]
[Site "Chalons en Champagne FRA"]
[Date "2021.06.28"]
[Round "5.6"]
[Board "3"]
[White "Solodovnichenko, Yuri"]
[Black "Van Wely, Loek"]
[Result "1/2-1/2"]
[WhiteTitle "GM"]
[BlackTitle "GM"]
[WhiteElo "2546"]
[BlackElo "2620"]
[WhiteTeam "Vandoeuvre Echecs"]
[BlackTeam "Clichy Echecs 92"]
[WhiteFideId "14104369"]
[BlackFideId "1000268"]
[EventDate "2021.06.24"]

1. e4 c5 2. Nf3 d6 3. d4 cxd4 4. Nxd4 Nf6 5. Nc3 a6 6. Be3 e6 7. Qd2 b5 8. f3
Nbd7 9. g4 h6 10. O-O-O b4 11. Nce2 Qc7 12. h4 d5 13. Bg2 dxe4 14. g5 Nd5 15. g6
Ne5 16. gxf7+ Qxf7 17. fxe4 Nxe3 18. Qxe3 Be7 19. Nc6 Nxc6 20. Rhf1 Bf6 21. e5
Nxe5 22. Bxa8 O-O 23. Ng3 Bd7 24. Ne4 Bg5 25. Nxg5 Qxf1 26. Qxe5 Qb5 27. Qc7
hxg5 28. Rxd7 Rf1+ 29. Rd1 Rxd1+ 30. Kxd1 Qf1+ 31. Kd2 Qf2+ 32. Kd1 Qf1+ 33. Kd2
Qf2+ 34. Kd3 Qf1+ 35. Ke3 Qe1+ 36. Kd3 Qf1+ 37. Kd4 Qf2+ 38. Kd3 Qf1+ 1/2-1/2

[Event "TCh-FRA Top 12 2021"]
[Site "Chalons en Champagne FRA"]
[Date "2021.06.28"]
[Round "5.6"]
[Board "4"]
[White "Hamdouchi, Hicham"]
[Black "Philippe, Christophe"]
[Result "1-0"]
[WhiteTitle "GM"]
[BlackTitle "IM"]
[WhiteElo "2561"]
[BlackElo "2386"]
[WhiteTeam "Clichy Echecs 92"]
[BlackTeam "Vandoeuvre Echecs"]
[WhiteFideId "9000011"]
[BlackFideId "610038"]
[EventDate "2021.06.24"]

1. e4 c5 2. Nf3 e6 3. d4 cxd4 4. Nxd4 Nc6 5. Nc3 a6 6. Nxc6 bxc6 7. Bd3 d5 8.
O-O Nf6 9. Re1 Be7 10. e5 Nd7 11. Qg4 g6 12. Bd2 Bb7 13. Na4 c5 14. c4 d4 15. b3
Qc7 16. Qe2 h5 17. Be4 h4 18. Ba5 Qxa5 19. Bxb7 Rb8 20. Bc6 Qc7 21. Qe4 Kf8 22.
Bxd7 Qxd7 23. Rad1 Kg7 24. Rd3 Qb7 25. Qxb7 Rxb7 26. Kf1 Rh5 27. Re4 Rb8 28. Rh3
Rf5 29. g4 hxg3 30. hxg3 Rh8 31. Rxh8 Kxh8 32. Kg2 Rh5 33. Re1 Kg7 34. Nb2 Rh8
35. Rh1 Rc8 36. Kf3 a5 37. Ke4 f5+ 38. exf6+ Bxf6 39. f4 g5 40. Nd3 Kg6 41. g4
Be7 42. Rh5 a4 43. bxa4 Ra8 44. Nxc5 gxf4 45. Nxe6 Rxa4 46. Nxf4+ Kg7 47. Rb5
Rxc4 48. Rb7 d3+ 49. Kxd3 Rxf4 50. Rxe7+ Kf6 51. Re4 Rf3+ 52. Kc2 1-0

[Event "TCh-FRA Top 12 2021"]
[Site "Chalons en Champagne FRA"]
[Date "2021.06.28"]
[Round "5.6"]
[Board "5"]
[White "Brunner, Nicolas"]
[Black "Relange, Eloi"]
[Result "1/2-1/2"]
[WhiteTitle "IM"]
[BlackTitle "GM"]
[WhiteElo "2418"]
[BlackElo "2453"]
[WhiteTeam "Vandoeuvre Echecs"]
[BlackTeam "Clichy Echecs 92"]
[WhiteFideId "620246"]
[BlackFideId "600822"]
[EventDate "2021.06.24"]

1. d4 e6 2. c4 f5 3. g3 Nf6 4. Bg2 c6 5. Qc2 d5 6. Nh3 Bd6 7. O-O O-O 8. Bf4 Be7
9. Nd2 Na6 10. Nf3 Bd7 11. Ne5 Be8 12. Ng5 Qc8 13. Rad1 h6 14. Ngf3 Bh5 15. Nd3
Nb4 16. Nxb4 Bxb4 17. c5 Ba5 18. b4 Bc7 19. Bxc7 Qxc7 20. a4 Nd7 21. Qb2 1/2-1/2

[Event "TCh-FRA Top 12 2021"]
[Site "Chalons en Champagne FRA"]
[Date "2021.06.28"]
[Round "5.6"]
[Board "6"]
[White "Libiszewski, Fabien"]
[Black "Mathieu, Phileas"]
[Result "1-0"]
[WhiteTitle "GM"]
[BlackTitle "FM"]
[WhiteElo "2510"]
[BlackElo "2240"]
[WhiteTeam "Clichy Echecs 92"]
[BlackTeam "Vandoeuvre Echecs"]
[WhiteFideId "616834"]
[BlackFideId "36048410"]
[EventDate "2021.06.24"]

1. e4 c5 2. Nf3 Nc6 3. Bb5 e6 4. O-O Nge7 5. Re1 Nd4 6. Na3 a6 7. Bf1 Nxf3+ 8.
Qxf3 Nc6 9. c3 g6 10. d3 Bg7 11. Nc4 O-O 12. Nd6 Qc7 13. Nxc8 Raxc8 14. Be3 f5
15. exf5 Rxf5 16. Qe2 Ne7 17. g3 Nd5 18. Bd2 Rcf8 19. f4 b5 20. Bh3 R5f7 21. Bg2
Qd6 22. a3 a5 23. c4 bxc4 24. dxc4 Ne7 25. Bxa5 g5 26. Rad1 Bd4+ 27. Rxd4 Qxd4+
28. Kh1 gxf4 29. Bc3 Qd6 30. Rd1 Qc7 31. Be5 Qd8 32. Qg4+ Ng6 33. Be4 Rf5 34.
gxf4 Rxf4 35. Bxf4 Rxf4 36. Qxe6+ dxe6 37. Rxd8+ Kf7 38. Bxg6+ hxg6 39. b3 Rf2
40. b4 cxb4 41. axb4 Ke7 42. Rb8 Rc2 43. c5 Kd7 44. Rb6 g5 45. Rd6+ Ke7 46. Kg1
Rb2 47. Rd4 Rc2 48. h3 Kf6 49. Rg4 Kf5 50. Rg2 Rc4 51. Rb2 e5 52. Kf2 Rc3 53. b5
Rxc5 54. b6 Rc8 55. b7 Rb8 56. Ke3 Ke6 57. Ke4 Kd6 58. Rb3 1-0

[Event "TCh-FRA Top 12 2021"]
[Site "Chalons en Champagne FRA"]
[Date "2021.06.28"]
[Round "5.6"]
[Board "7"]
[White "Adrian, Claude"]
[Black "Delorme, Axel"]
[Result "1-0"]
[WhiteTitle "IM"]
[BlackTitle "GM"]
[WhiteElo "2240"]
[BlackElo "2480"]
[WhiteTeam "Vandoeuvre Echecs"]
[BlackTeam "Clichy Echecs 92"]
[WhiteFideId "601071"]
[BlackFideId "632023"]
[EventDate "2021.06.24"]

1. d4 Nf6 2. Nf3 d5 3. c4 e6 4. g3 dxc4 5. Bg2 a6 6. O-O Nc6 7. Nc3 Rb8 8. e4
Be7 9. d5 exd5 10. exd5 Nb4 11. Ne5 Bf5 12. Nxc4 Bd3 13. Ne3 Bxf1 14. Qxf1 a5
15. a3 Na6 16. Qb5+ Qd7 17. Nf5 Kf8 18. Nxe7 Qxb5 19. Nxb5 Kxe7 20. Bf4 Ne8 21.
Re1+ Kd8 22. d6 c6 23. Nd4 Nc5 24. Re7 Nd3 25. Bh3 Nxf4 26. Rd7+ Kc8 27. gxf4
Ra8 28. Rxf7+ Kb8 29. d7 Nc7 30. f5 Ka7 31. Ne6 Nd5 32. Bg2 g6 33. Bxd5 cxd5 34.
f6 Kb6 35. Re7 Kc6 36. f7 Kd6 37. Re8 Kxd7 38. Rxa8 1-0

[Event "TCh-FRA Top 12 2021"]
[Site "Chalons en Champagne FRA"]
[Date "2021.06.28"]
[Round "5.6"]
[Board "8"]
[White "Benmesbah, Natacha"]
[Black "Steil-Antoni, Fiona"]
[Result "0-1"]
[WhiteTitle "WIM"]
[BlackTitle "WIM"]
[WhiteElo "2223"]
[BlackElo "2129"]
[WhiteTeam "Clichy Echecs 92"]
[BlackTeam "Vandoeuvre Echecs"]
[WhiteFideId "642002"]
[BlackFideId "4001249"]
[EventDate "2021.06.24"]

1. e4 c6 2. Nc3 d5 3. Nf3 Nf6 4. e5 Ne4 5. Ne2 Qb6 6. d4 e6 7. Ng3 c5 8. Bd3
Nxg3 9. fxg3 cxd4 10. O-O Nc6 11. Qe2 h6 12. a3 a5 13. b3 Bc5 14. Kh1 Bd7 15.
Bd2 Qd8 16. g4 Be7 17. Nxd4 Nxd4 18. Qf2 O-O 19. Qxd4 Rc8 20. b4 axb4 21. axb4
Bg5 22. Bxg5 Qxg5 23. Ra7 Rc7 24. b5 Bc8 25. b6 Rc6 26. Bb5 Rxc2 27. Ra8 Rc1 28.
Kg1 Rxf1+ 29. Bxf1 Bd7 30. Ra7 Bc6 31. Ra3 f6 32. exf6 Qxf6 33. Qxf6 Rxf6 34.
Re3 Kf7 35. h4 Rf4 36. Be2 Ke7 37. g3 Re4 38. Rxe4 dxe4 39. Kf2 Kd6 40. Ke3 Kc5
41. Kf4 Kxb6 42. h5 Kc5 43. g5 Kd4 44. gxh6 gxh6 45. g4 e3 46. g5 e5+ 47. Kf5
Be4+ 48. Kf6 hxg5 49. Kxg5 Bd3 50. h6 b5 51. Bxd3 Kxd3 52. h7 e2 53. h8=Q e1=Q
54. Qd8+ Kc2 55. Qc8+ Kb2 56. Kf5 b4 57. Ke6 b3 58. Qc4 Qe3 59. Qf1 Qc5 60. Qe2+
Kb1 61. Qf1+ Ka2 62. Qa6+ Qa3 63. Qc4 Qa5 64. Kf5 Ka3 65. Qd3 Qc5 66. Qa6+ Kb2
67. Kf6 Kc3 68. Qa1+ b2 69. Qe1+ Kb3 70. Qd1+ Ka2 71. Qd2 e4 72. Qe2 e3 73. Qa6+
Qa3 0-1

[Event "TCh-FRA Top 12 2021"]
[Site "Chalons en Champagne FRA"]
[Date "2021.06.29"]
[Round "6.1"]
[Board "1"]
[White "Barbot, Pierre1"]
[Black "Kasimdzhanov, Rustam"]
[Result "0-1"]
[WhiteTitle "IM"]
[BlackTitle "GM"]
[WhiteElo "2443"]
[BlackElo "2662"]
[WhiteTeam "Grasse Echecs"]
[BlackTeam "Vandoeuvre Echecs"]
[WhiteFideId "663727"]
[BlackFideId "14200244"]
[EventDate "2021.06.24"]

1. d4 d5 2. c4 c6 3. cxd5 cxd5 4. Nc3 Nf6 5. Bf4 Nc6 6. e3 a6 7. Bd3 Bg4 8. Nge2
e6 9. O-O Bd6 10. f3 Bh5 11. Rc1 Bxf4 12. Nxf4 Bg6 13. Na4 Nd7 14. Qe2 O-O 15.
Nxg6 hxg6 16. f4 Qa5 17. b3 Rac8 18. Nc5 Nxc5 19. Rxc5 Qa3 20. Rfc1 Ne7 21. Qd2
Rxc5 22. Rxc5 Rc8 23. Qc2 Rc6 24. h3 Kf8 25. Kh2 Qb4 26. Rxc6 Nxc6 27. Bxa6 g5
28. g3 gxf4 29. exf4 Ke7 30. h4 g6 31. Bd3 Kf6 32. Kh3 Qxd4 33. Bb5 Ne7 34. Qc7
Nf5 35. Be8 Nh6 36. a4 Qd1 37. Qe5+ Ke7 38. Qg5+ Kxe8 39. Qxh6 Qxb3 40. Qh8+ Ke7
41. f5 gxf5 42. Qd4 Qc4 43. Qb6 Qxa4 44. Qxb7+ Kf8 45. Qb8+ Kg7 46. Qe5+ Kh7 47.
Qc7 Qg4+ 48. Kg2 Qe4+ 49. Kf2 Kg7 50. Qd8 Qd4+ 51. Kg2 Qg4 52. Kf2 f4 53. gxf4
Qxf4+ 54. Ke2 Qf6 0-1

[Event "TCh-FRA Top 12 2021"]
[Site "Chalons en Champagne FRA"]
[Date "2021.06.29"]
[Round "6.1"]
[Board "2"]
[White "Solodovnichenko, Yuri"]
[Black "Travadon, Loic"]
[Result "1-0"]
[WhiteTitle "GM"]
[BlackTitle "IM"]
[WhiteElo "2546"]
[BlackElo "2415"]
[WhiteTeam "Vandoeuvre Echecs"]
[BlackTeam "Grasse Echecs"]
[WhiteFideId "14104369"]
[BlackFideId "26092131"]
[EventDate "2021.06.24"]

1. e4 c5 2. Nf3 d6 3. d4 cxd4 4. Nxd4 Nf6 5. Nc3 g6 6. Be3 Bg7 7. f3 O-O 8. Bc4
Nc6 9. Bb3 Bd7 10. Qd2 Rc8 11. h4 h5 12. O-O-O Ne5 13. Bh6 Qa5 14. Bxg7 Kxg7 15.
Kb1 Nc4 16. Qd3 b5 17. Nd5 Nxd5 18. exd5 Ne5 19. Qe3 Qc7 20. g4 Rh8 21. gxh5
Rxh5 22. Rdg1 a5 23. a3 a4 24. Ba2 Qc5 25. c3 Re8 26. Rg5 Reh8 27. Re1 Rxg5 28.
Qxg5 Kf8 29. Qe3 Rxh4 30. f4 Rh3 31. Qe2 Bg4 32. Qg2 Rxc3 33. bxc3 Qxc3 34. fxe5
Qxd4 35. Qb2 Qd3+ 36. Ka1 dxe5 37. Qxe5 Kg8 38. d6 e6 39. Rh1 Bh5 40. Rc1 Kh7
41. Rc8 Qf1+ 42. Bb1 1-0

[Event "TCh-FRA Top 12 2021"]
[Site "Chalons en Champagne FRA"]
[Date "2021.06.29"]
[Round "6.1"]
[Board "3"]
[White "Apicella, Manuel"]
[Black "Hamitevici, Vladimir"]
[Result "1/2-1/2"]
[WhiteTitle "GM"]
[BlackTitle "GM"]
[WhiteElo "2506"]
[BlackElo "2456"]
[WhiteTeam "Grasse Echecs"]
[BlackTeam "Vandoeuvre Echecs"]
[WhiteFideId "600164"]
[BlackFideId "13902393"]
[EventDate "2021.06.24"]

1. e4 c6 2. d4 d5 3. Nc3 dxe4 4. Nxe4 Bf5 5. Ng3 Bg6 6. Nf3 Nd7 7. h4 h6 8. h5
Bh7 9. Bd3 Bxd3 10. Qxd3 e6 11. Bf4 Qa5+ 12. Bd2 Bb4 13. c3 Be7 14. c4 Qc7 15.
O-O-O Ngf6 16. Kb1 O-O 17. Ne4 b5 18. Nxf6+ Nxf6 19. c5 Rad8 20. Qe2 Rd5 21. g3
Qc8 22. Ba5 Ng4 23. Ne1 e5 24. f3 Nf6 25. dxe5 Rxd1+ 26. Qxd1 Nd7 27. Nd3 Nxc5
28. Nxc5 Bxc5 29. Qd3 Bf2 30. g4 Re8 31. Rc1 Bg3 32. Qd6 Re6 33. Qd4 Bxe5 34.
Qxa7 Bf6 35. Bc3 Bxc3 36. Rxc3 Qd8 37. Qf2 Qd1+ 38. Rc1 Qd3+ 39. Ka1 Re2 40. Qf1
Qd2 41. Rb1 Rf2 42. Qc1 Qd5 43. f4 Rg2 44. Qe1 Rxg4 45. Rd1 Qxh5 46. a3 Rxf4 47.
Qe8+ Kh7 48. Rd8 Rf1+ 49. Ka2 Qc5 50. Qe4+ Qf5 51. Qxc6 Qb1+ 52. Kb3 Rc1 53.
Qxb5 Qc2+ 54. Ka2 Qb1+ 55. Kb3 f5 56. Qd5 Qc2+ 57. Ka2 Qc4+ 58. Qxc4 Rxc4 59. b4
g5 60. b5 g4 61. b6 Rc2+ 62. Ka1 Rc6 63. b7 Rb6 64. b8=Q Rxb8 65. Rxb8 g3 66.
Rb1 f4 67. a4 g2 68. a5 f3 69. a6 f2 70. a7 g1=Q 71. a8=Q Qxb1+ 72. Kxb1 f1=Q+
73. Ka2 Qe2+ 74. Ka3 h5 75. Qd5 Kg6 76. Qg8+ Kf5 77. Qf7+ Kg4 78. Qg6+ Kf4 79.
Qf6+ Kg3 80. Qd6+ Kh3 81. Kb4 h4 82. Ka5 Qe4 83. Qd2 Kg4 84. Qh6 Kf3 85. Ka6 Ke2
86. Qh5+ Ke1 87. Qa5+ Kf1 88. Qa1+ Qe1 89. Qf6+ Qf2 90. Qa1+ Kg2 91. Qg7+ Kh2
92. Qg6 Qg1 93. Qc6 Qf2 94. Qd6+ Kg1 95. Qg6+ Qg2 96. Qd6 Kh1 97. Qb6 Kh2 98.
Qb8+ 1/2-1/2

[Event "TCh-FRA Top 12 2021"]
[Site "Chalons en Champagne FRA"]
[Date "2021.06.29"]
[Round "6.1"]
[Board "4"]
[White "Savina, Anastasia"]
[Black "Wirig, Anthony"]
[Result "0-1"]
[WhiteTitle "IM"]
[BlackTitle "GM"]
[WhiteElo "2333"]
[BlackElo "2500"]
[WhiteTeam "Vandoeuvre Echecs"]
[BlackTeam "Grasse Echecs"]
[WhiteFideId "4196872"]
[BlackFideId "615013"]
[EventDate "2021.06.24"]

1. d4 Nf6 2. c4 e6 3. Nc3 Bb4 4. e3 c5 5. Bd3 Nc6 6. Ne2 cxd4 7. exd4 d5 8. cxd5
Nxd5 9. O-O O-O 10. Nxd5 exd5 11. Be3 Bd6 12. Nf4 Re8 13. Qh5 g6 14. Qf3 Qh4 15.
g3 Qf6 16. Qxd5 Bg4 17. h3 Nb4 18. Qb3 Bxf4 19. hxg4 Nxd3 20. Qxd3 Bxe3 21. fxe3
Qe6 22. Rf3 Qxg4 23. Kg2 Rad8 24. Rc1 Rd7 25. Rc5 h5 26. Rf4 Qe6 27. Qb5 a6 28.
Qa4 b5 29. Qa3 Qxe3 30. Qxe3 Rxe3 31. Rc6 Re2+ 32. Kf3 Rde7 33. Rff6 g5 34. Rc3
Kg7 35. Rxa6 g4+ 36. Kf4 f6 0-1

[Event "TCh-FRA Top 12 2021"]
[Site "Chalons en Champagne FRA"]
[Date "2021.06.29"]
[Round "6.1"]
[Board "5"]
[White "Milliet, Sophie"]
[Black "Philippe, Christophe"]
[Result "1/2-1/2"]
[WhiteTitle "IM"]
[BlackTitle "IM"]
[WhiteElo "2407"]
[BlackElo "2386"]
[WhiteTeam "Grasse Echecs"]
[BlackTeam "Vandoeuvre Echecs"]
[WhiteFideId "623725"]
[BlackFideId "610038"]
[EventDate "2021.06.24"]

1. e4 c5 2. Nf3 Nc6 3. d4 cxd4 4. Nxd4 g6 5. c4 Bg7 6. Be3 Nf6 7. Nc3 Ng4 8.
Qxg4 Nxd4 9. Qd1 e5 10. Bd3 O-O 11. O-O d6 12. a4 f5 13. exf5 Bxf5 14. Bxf5 Rxf5
15. Bxd4 exd4 16. Nd5 Kh8 17. f4 Qh4 18. Ra3 Re8 19. Rh3 Qd8 20. g4 Rf7 21. Qd3
Kg8 22. Rg3 Kh8 23. Rh3 Kg8 24. Rg3 Kh8 25. Kg2 Qd7 26. b3 Qe6 27. h4 a5 28. Rf2
Qe1 29. h5 gxh5 30. Rh3 Qe6 31. f5 Qe4+ 32. Qxe4 Rxe4 33. g5 Rg4+ 34. Rg3 Be5
35. Rxg4 hxg4 36. f6 Kg8 37. Rf1 Kf8 38. Rh1 Ke8 39. Rh4 g3 40. Nf4 Kd7 41. Kxg3
d5 42. cxd5 Kd6 43. Kf3 Bxf4 44. Kxf4 Kxd5 45. Kf5 d3 46. Rh3 Kd4 47. Ke6 d2 48.
Rh1 Rc7 49. f7 Rc1 50. f8=Q Re1+ 51. Kf6 Rxh1 52. Qd8+ Kc3 53. Qxa5+ Kc2 54.
Qf5+ Kc1 55. Qc5+ Kb1 56. Qf5+ Kc1 57. Qf4 Re1 58. b4 Kc2 59. Qc4+ Kb2 60. Qd4+
Kc2 61. Qf2 Kc1 62. Qf4 Kc2 63. Qf5+ Kc1 64. Qf4 Kc2 65. Qc4+ Kb2 66. Qd4+ Kc2
67. Qc4+ Kb2 68. Qd4+ Kc2 69. Qc4+ 1/2-1/2

[Event "TCh-FRA Top 12 2021"]
[Site "Chalons en Champagne FRA"]
[Date "2021.06.29"]
[Round "6.1"]
[Board "6"]
[White "Mathieu, Phileas"]
[Black "Debray, Christopher"]
[Result "1-0"]
[WhiteTitle "FM"]
[BlackTitle "IM"]
[WhiteElo "2240"]
[BlackElo "2367"]
[WhiteTeam "Vandoeuvre Echecs"]
[BlackTeam "Grasse Echecs"]
[WhiteFideId "36048410"]
[BlackFideId "630810"]
[EventDate "2021.06.24"]

1. e4 c5 2. Nf3 d6 3. d4 cxd4 4. Qxd4 Nc6 5. Bb5 a6 6. Bxc6+ bxc6 7. c4 e5 8.
Qd3 Nf6 9. Nc3 Be7 10. O-O O-O 11. Rd1 Qc7 12. b3 Rd8 13. Bb2 Be6 14. Rac1 Qb7
15. h3 h6 16. Qc2 c5 17. Nd2 Nd7 18. Nd5 Nb6 19. f4 Bxd5 20. exd5 exf4 21. Rf1
Bg5 22. Rce1 Re8 23. Nf3 Qd7 24. h4 Be7 25. Re4 Qf5 26. Qe2 Qd7 27. Re1 Kf8 28.
a4 a5 29. Qd2 Qg4 30. Rxf4 Qg6 31. Re6 Qb1+ 32. Re1 Qg6 33. Re6 Qb1+ 34. Kh2 Nd7
35. Bxg7+ Kxg7 36. Rg4+ Qg6 37. Rgxg6+ fxg6 38. Qe3 Kf7 39. Qxh6 1-0

[Event "TCh-FRA Top 12 2021"]
[Site "Chalons en Champagne FRA"]
[Date "2021.06.29"]
[Round "6.1"]
[Board "7"]
[White "Loiseau, Quentin"]
[Black "Thomas, Anysia"]
[Result "1-0"]
[WhiteTitle "IM"]
[BlackTitle "WFM"]
[WhiteElo "2459"]
[BlackElo "2175"]
[WhiteTeam "Grasse Echecs"]
[BlackTeam "Vandoeuvre Echecs"]
[WhiteFideId "665274"]
[BlackFideId "670472"]
[EventDate "2021.06.24"]

1. d4 Nf6 2. c4 g6 3. f3 Nc6 4. d5 Ne5 5. e4 d6 6. Nc3 Bg7 7. f4 Ned7 8. Nh3 c6
9. Nf2 O-O 10. Be2 Qb6 11. O-O Nc5 12. Kh1 cxd5 13. cxd5 e6 14. dxe6 Bxe6 15.
Rb1 a5 16. Be3 Rfd8 17. Nd3 Qc6 18. Nxc5 dxc5 19. Qc2 Rac8 20. f5 gxf5 21. exf5
Nd5 22. Bg5 Nxc3 23. fxe6 Nxb1 24. exf7+ Kh8 25. Bxd8 Rxd8 26. Qxb1 Qe6 27. Qc2
b6 28. Bc4 Qh6 29. Qe2 Rf8 30. b3 Bd4 31. a4 Bg7 32. Qe4 Qh5 33. Qe6 Be5 34. g3
Bg7 35. Kg2 Qe5 36. Qg4 Qb2+ 37. Rf2 Qe5 38. Rf5 Qd4 39. Rf4 Qd2+ 40. Kh3 Qd6
41. Qf5 Qe5 42. Qd3 Bf6 43. Qf3 Bg7 44. Rh4 h6 45. Rh5 Qd6 46. Qf5 Rd8 47. Be6
Qd1 48. Rxh6+ 1-0

[Event "TCh-FRA Top 12 2021"]
[Site "Chalons en Champagne FRA"]
[Date "2021.06.29"]
[Round "6.1"]
[Board "8"]
[White "Adrian, Claude"]
[Black "Janzelj, Lara"]
[Result "1/2-1/2"]
[WhiteTitle "IM"]
[BlackTitle "WIM"]
[WhiteElo "2240"]
[BlackElo "2185"]
[WhiteTeam "Vandoeuvre Echecs"]
[BlackTeam "Grasse Echecs"]
[WhiteFideId "601071"]
[BlackFideId "14608391"]
[EventDate "2021.06.24"]

1. c4 Nf6 2. Nc3 e5 3. g3 Nc6 4. Bg2 g6 5. e3 Bg7 6. Nge2 O-O 7. O-O d6 8. d4
exd4 9. exd4 Bf5 10. h3 h5 11. Kh2 Re8 12. Bg5 Qc8 13. Qd2 a5 14. f3 Nh7 15. Bf4
a4 16. g4 hxg4 17. fxg4 Bd7 18. Bh6 Bh8 19. Rf2 Ra5 20. Raf1 Bxg4 21. hxg4 Qxg4
22. Bd5 Rxd5 23. cxd5 Nxd4 24. Nxd4 Qh4+ 25. Kg2 Qg4+ 26. Kh2 Qh4+ 27. Kg2 Qg4+
28. Kh2 Qh4+ 1/2-1/2

[Event "TCh-FRA Top 12 2021"]
[Site "Chalons en Champagne FRA"]
[Date "2021.06.29"]
[Round "6.2"]
[Board "1"]
[White "Sochacki, Christophe"]
[Black "Le Hetet, Nicolas"]
[Result "1-0"]
[WhiteTitle "IM"]
[BlackTitle "FM"]
[WhiteElo "2494"]
[BlackElo "2393"]
[WhiteTeam "US Villejuif Echecs"]
[BlackTeam "Echiquier Agenais"]
[WhiteFideId "662569"]
[BlackFideId "634824"]
[EventDate "2021.06.24"]

1. Nf3 d5 2. c4 c6 3. e3 Nf6 4. Nc3 e6 5. b3 Be7 6. Bb2 O-O 7. Qc2 Na6 8. Be2 c5
9. a3 b6 10. g4 d4 11. Nb5 Bb7 12. exd4 cxd4 13. Nbxd4 Bc5 14. Rg1 Ne4 15. b4 e5
16. bxc5 exd4 17. c6 Bxc6 18. Nxd4 Bb7 19. d3 Ng5 20. Qc3 f6 21. h4 Nh3 22. Rg3
Nf4 23. Bf3 Nc5 24. Bxb7 Nxb7 25. Kf1 Nc5 26. Re1 Qd7 27. Qd2 g5 28. hxg5 fxg5
29. Nf5 Rxf5 30. gxf5 Qxf5 31. Re5 1-0

[Event "TCh-FRA Top 12 2021"]
[Site "Chalons en Champagne FRA"]
[Date "2021.06.29"]
[Round "6.2"]
[Board "2"]
[White "Favarel, Julien"]
[Black "Dourerassou, Jonathan"]
[Result "1-0"]
[WhiteTitle "FM"]
[BlackTitle "GM"]
[WhiteElo "2338"]
[BlackElo "2477"]
[WhiteTeam "Echiquier Agenais"]
[BlackTeam "US Villejuif Echecs"]
[WhiteFideId "633453"]
[BlackFideId "628050"]
[EventDate "2021.06.24"]

1. e4 d6 2. d4 Nf6 3. Bd3 e5 4. c3 c6 5. Nf3 Nbd7 6. O-O Be7 7. Nbd2 Qc7 8. Re1
Nf8 9. dxe5 dxe5 10. Nc4 Ng6 11. h3 O-O 12. a4 b6 13. Bf1 Bb7 14. Qc2 h6 15. g3
c5 16. Nfd2 Rfd8 17. Ne3 Nf8 18. Bc4 Ne6 19. h4 Bf8 20. f3 Bc6 21. Qb3 Qc8 22.
Ndf1 Rb8 23. Rd1 Rxd1 24. Qxd1 Nc7 25. Nh2 Qh3 26. Qe1 Qd7 27. Nhg4 Nxg4 28.
Nxg4 Qd6 29. Qd2 Qe7 30. Qe2 Kh7 31. Be3 g6 32. b3 Bg7 33. Rd1 f5 34. exf5 gxf5
35. Nf2 Rf8 36. Qd3 Bxf3 37. Bg5 hxg5 38. Qxf3 g4 39. Qc6 Rd8 40. h5 Bf6 41.
Rxd8 Qxd8 42. Be6 Nxe6 43. Qxe6 f4 44. Qxg4 fxg3 45. Ne4 Be7 46. Qg6+ Kh8 47.
Kg2 Qf8 48. Kxg3 Qf1 49. Qe8+ Bf8 50. Qxe5+ Bg7 51. Qe8+ Bf8 52. Qg6 Bg7 53.
Qe8+ Bf8 54. Kg4 Kh7 55. Qg6+ Kh8 56. Qf6+ Qxf6 57. Nxf6 Kg7 58. Ne4 Kf7 59. Kf5
Bg7 60. c4 Bf8 61. Ng5+ Ke7 62. Kg6 Kd6 63. Nh7 Be7 64. Kf5 a6 65. h6 b5 66.
cxb5 axb5 67. axb5 Kc7 68. Ng5 Bf8 69. Ne6+ Kb7 1-0